书目信息 |
| 题名: |
第三届全国会计知识大赛优秀选手感悟
|
|
| 作者: | ;第三届全国会计知识大赛组委员会办公室 编 | |
| 分册: | ||
| 出版信息: | 北京 中国财政经济出版社 2008.05 |
|
| 页数: | 317页 | |
| 开本: | 20cm | |
| 丛书名: | ||
| 单 册: | ||
| 中图分类: | F233.2-53 | |
| 科图分类: | ||
| 主题词: | 会计 | |
| 电子资源: | ||
| ISBN: | 978-7-5095-0707-0 | |
| 000 | 00780nam0 2200217 45 | |
| 001 | 0935516703 | |
| 005 | 20091101095326.06 | |
| 010 | @a978-7-5095-0707-0@dCNY45.00 | |
| 100 | @a20090515d2008 ekmy0 y0120 ea | |
| 102 | @aCN@b130000 | |
| 102 | @aCN@b110000 | |
| 105 | @ay z 000yy | |
| 200 | 1 | @a第三届全国会计知识大赛优秀选手感悟@f第三届全国会计知识大赛组委员会办公室编@Fdi san jie quan guo kuai ji zhi shi da sai zu wei yuan hui ban gong shi bian |
| 210 | @a北京@c中国财政经济出版社@d2008.05 | |
| 215 | @a317页@d20cm | |
| 606 | 0 | @a会计 |
| 690 | @aF233.2-53@v4 | |
| 711 | 02 | @a第三届全国会计知识大赛组委员会办公室@Adi san jie quan guo kuai ji zhi shi da sai zu wei yuan hui ban gong shi@4编 |
| 801 | 0 | @aCN@c20091101 |
| 905 | @a10447@dF233.2-53@eD431 | |
| 906 | @d45@n2@r1 | |
| 第三届全国会计知识大赛优秀选手感悟/第三届全国会计知识大赛组委员会办公室编.-北京:中国财政经济出版社,2008.05 |
| 317页;20cm |
| ISBN 978-7-5095-0707-0:CNY45.00 |
| ● |
| 相关链接 |
|
|
|
正题名:第三届全国会计知识大赛优秀选手感悟
索取号:F233.2-53/D431
 
预约/预借
| 序号 | 登录号 | 条形码 | 馆藏地/架位号 | 状态 | 备注 |
| 1 | 658065 | 206580653 | 社科库409/409社科库 77排1列3层/ [索取号:F233.2-53/D431] | 在馆 | |
| 2 | 658066 | 206580662 | 社科库409/409社科库 77排1列3层/ [索取号:F233.2-53/D431] | 在馆 |